00570nam a2200169 i 450000100060000000300090000600500170001500700030003200800410003510000320007624500480010826000760015630000110023285200200024399900170026395201200028038005ES-MaACL20230906155659.0t|030224s1917 sp ||||1| gao d1 aCabanillas, Ramón.93314610aDa terra asoballada / cRamón Cabanillas. a[S.l. : bs.n., c1917] (eVillagareia de Arousa : fImp. Galicia Nova) a118 p. aES-MaACLjG-337 c38005d38005 00104070aATENEOMbATENEOMcDEPO2d2008-01-17eSCl0oG-337p1040015r2023-02-23 00:00:00w2023-02-23yMONOGRAFIA